MARC details
| 000 -LEADER |
| fixed length control field |
01222cam a2200301 4500 |
| 001 - CONTROL NUMBER |
| control field |
785053 |
| 003 - CONTROL NUMBER IDENTIFIER |
| control field |
BDDh-ASL |
| 005 - DATE AND TIME OF LATEST TRANSACTION |
| control field |
20231015025701.0 |
| 008 - FIXED-LENGTH DATA ELEMENTS--GENERAL INFORMATION |
| fixed length control field |
720728s1900 enkb b 001 0 eng |
| 010 ## - LIBRARY OF CONGRESS CONTROL NUMBER |
| LC control number |
73180685 |
| 040 ## - CATALOGING SOURCE |
| Original cataloging agency |
DLC |
| Transcribing agency |
DLC |
| Modifying agency |
BDDh-ASL |
| 043 ## - GEOGRAPHIC AREA CODE |
| Geographic area code |
a-ii--- |
| 050 00 - LIBRARY OF CONGRESS CALL NUMBER |
| Classification number |
DS465 |
| Item number |
.H92 |
| 082 ## - DEWEY DECIMAL CLASSIFICATION NUMBER |
| Classification number |
954.03 |
| Item number |
HUH |
| 100 1# - MAIN ENTRY--PERSONAL NAME |
| Personal name |
Hunter, William Wilson, |
| Dates associated with a name |
1840-1900. |
| 245 12 - TITLE STATEMENT |
| Title |
A history of British India, Vol.-2 : |
| Remainder of title |
To the union of the old and new companies under the Earl of Godolphin's award/ |
| Statement of responsibility, etc. |
by William Wilson Hunter. |
| 260 ## - PUBLICATION, DISTRIBUTION, ETC. |
| Place of publication, distribution, etc. |
London : |
| Name of publisher, distributor, etc. |
Longmans, Green and Co. , |
| Date of publication, distribution, etc. |
1900. |
| 300 ## - PHYSICAL DESCRIPTION |
| Extent |
v-2, xxxii, ,419 p. : |
| Other physical details |
maps. ; |
| Dimensions |
23 cm. |
| 500 ## - GENERAL NOTE |
| General note |
Vol. 2 completed and edited after the author's death by P. E. Roberts. |
| 500 ## - GENERAL NOTE |
| General note |
Reprint of the 1899-1900 ed. |
| 504 ## - BIBLIOGRAPHY, ETC. NOTE |
| Bibliography, etc. note |
Includes bibliographical references. |
| 505 0# - FORMATTED CONTENTS NOTE |
| Formatted contents note |
v. 1. To the overthrow of the English in the spice archipelago.--v. 2. To the union of the old and new companies under the Earl of Godolphin's award. |
| 610 20 - SUBJECT ADDED ENTRY--CORPORATE NAME |
| Corporate name or jurisdiction name as entry element |
East India Company. |
| 651 #0 - SUBJECT ADDED ENTRY--GEOGRAPHIC NAME |
| Geographic name |
India |
| General subdivision |
History |
| Chronological subdivision |
1526-1765. |
| 700 1# - ADDED ENTRY--PERSONAL NAME |
| Personal name |
Roberts, P. E. |
| Fuller form of name |
(Paul Ernest), |
| Dates associated with a name |
1873-1949. |
| 906 ## - LOCAL DATA ELEMENT F, LDF (RLIN) |
| a |
7 |
| b |
cbc |
| c |
orignew |
| d |
2 |
| e |
ncip |
| f |
19 |
| g |
y-gencatlg |
| 942 ## - ADDED ENTRY ELEMENTS (KOHA) |
| Source of classification or shelving scheme |
Dewey Decimal Classification |
| Koha item type |
Books |